Practical use of higher order asymptotics for multiparameter exponential families.

Vysvetlenie a využitie nedávno vyvinutých asymptotík, založených na metódach sedlového bodu. Zvláštny dôraz sa kladie na testy a na intervaly spoľahlivosti. Často možno získať vynikajúce aproximácie presných podmienečných inferencií. Numerické výsledky pre niektoré poisonovské a polynomiálne modely.

Na minha lista:
Detalhes bibliográficos
Autor principal: Pierce, D.A
Outros Autores: Peters, D.
Formato: Capítulo de Livro
Idioma:inglês
Assuntos:
Tags: Adicionar Tag
Sem tags, seja o primeiro a adicionar uma tag!

MARC

LEADER 00000naa a2200000 4500
001 r009222
005 20221213085122.4
041 0 |a eng 
044 |a GB 
245 1 0 |a Practical use of higher order asymptotics for multiparameter exponential families.  |c D.A. Pierce, D. Peters 
520 |a Vysvetlenie a využitie nedávno vyvinutých asymptotík, založených na metódach sedlového bodu. Zvláštny dôraz sa kladie na testy a na intervaly spoľahlivosti. Často možno získať vynikajúce aproximácie presných podmienečných inferencií. Numerické výsledky pre niektoré poisonovské a polynomiálne modely. 
610 2 0 |a metódy matematické 
610 2 0 |a modely matematické 
610 2 0 |a spracovanie dát 
610 2 0 |a metódy matematicko-štatistické 
610 2 0 |a testy 
100 1 |a Pierce, D.A. 
700 1 |a Peters, D.